Recession prevention handbook : (Record no. 20747)
[ view plain ]
| 000 -LEADER | |
|---|---|
| fixed length control field | 01520cam a22003135a 4500 |
| 001 - CONTROL NUMBER | |
| control field | 15885620 |
| 005 - DATE AND TIME OF LATEST TRANSACTION | |
| control field | 20151116103543.0 |
| 008 - FIXED-LENGTH DATA ELEMENTS--GENERAL INFORMATION | |
| fixed length control field | 090828t2010 nyua frb 001 0 eng d |
| 020 ## - INTERNATIONAL STANDARD BOOK NUMBER | |
| International Standard Book Number | 076562284X |
| 020 ## - INTERNATIONAL STANDARD BOOK NUMBER | |
| International Standard Book Number | 9780765622846 |
| 040 ## - CATALOGING SOURCE | |
| Original cataloging agency | DLC |
| Transcribing agency | DLC |
| Modifying agency | EG-ScBUE |
| Language of cataloging | eng |
| 043 ## - GEOGRAPHIC AREA CODE | |
| Geographic area code | n-us--- |
| 082 04 - DEWEY DECIMAL CLASSIFICATION NUMBER | |
| Classification number | 338.542 |
| Edition number | 22 |
| Item number | FRU |
| 100 1# - MAIN ENTRY--PERSONAL NAME | |
| Personal name | Frumkin, Norman. |
| 9 (RLIN) | 38748 |
| 245 10 - TITLE STATEMENT | |
| Title | Recession prevention handbook : |
| Remainder of title | eleven case studies, 1948-2007 / |
| Statement of responsibility, etc | Norman Frumkin. |
| 260 ## - PUBLICATION, DISTRIBUTION, ETC. (IMPRINT) | |
| Place of publication, distribution, etc | Armonk ; |
| -- | London : |
| Name of publisher, distributor, etc | M. E. Sharpe, |
| Date of publication, distribution, etc | c.2010. |
| 300 ## - PHYSICAL DESCRIPTION | |
| Extent | xxvii, 379 p. : |
| Other physical details | ill. ; |
| Dimensions | 24 cm. |
| 500 ## - GENERAL NOTE | |
| General note | Index : p. 367-379 |
| 504 ## - BIBLIOGRAPHY, ETC. NOTE | |
| Bibliography, etc | Bibliography : p. 361-365. |
| 505 0# - FORMATTED CONTENTS NOTE | |
| Formatted contents note | Characteristics of recessions -- The recession of 1948-49 -- The recession of 1953-54 -- The recession of 1957-58 -- The recession of 1960-61 -- The recession of 1969-70 -- The recession of 1973-75 -- The recession of 1980 -- The recession of 1981-82 -- The recession of 1990-91 -- The recession of 2001 -- The recession of 2007-9 -- Findings and recommendations. |
| 650 #0 - SUBJECT ADDED ENTRY--TOPICAL TERM | |
| Topical term or geographic name as entry element | Recessions |
| Geographic subdivision | United States |
| Form subdivision | Case studies. |
| Source of heading or term | BUEsh |
| 650 #0 - SUBJECT ADDED ENTRY--TOPICAL TERM | |
| Topical term or geographic name as entry element | Economic indicators |
| Geographic subdivision | United States |
| Form subdivision | Case studies. |
| Source of heading or term | BUEsh |
| 651 #0 - SUBJECT ADDED ENTRY--GEOGRAPHIC NAME | |
| Geographic name | United States |
| General subdivision | Economic conditions |
| Chronological subdivision | 20th century. |
| Source of heading or term | BUEsh |
| 651 #0 - SUBJECT ADDED ENTRY--GEOGRAPHIC NAME | |
| Geographic name | United States |
| General subdivision | Economic conditions |
| Chronological subdivision | 21st century. |
| Source of heading or term | BUEsh |
| 651 #0 - SUBJECT ADDED ENTRY--GEOGRAPHIC NAME | |
| Geographic name | United States |
| General subdivision | Economic policy |
| Chronological subdivision | 20th century. |
| Source of heading or term | BUEsh |
| 651 #0 - SUBJECT ADDED ENTRY--GEOGRAPHIC NAME | |
| Geographic name | United States |
| General subdivision | Economic policy |
| Chronological subdivision | 21st century. |
| Source of heading or term | BUEsh |
| 653 ## - INDEX TERM--UNCONTROLLED | |
| Resource For college | BAEPS, Economics |
| Arrived date list | August2015 |
| -- | November2015 |
| 942 ## - ADDED ENTRY ELEMENTS (KOHA) | |
| Source of classification or shelving scheme | Dewey Decimal Classification |
| Call number prefix | 338.542 FRU |
| Withdrawn status | Lost status | Source of classification or shelving scheme | Damaged status | Not for loan | Koha collection | Home library | Current library | Shelving location | Date acquired | Source of acquisition | Cost, normal purchase price | Serial Enumeration / chronology | Total Checkouts | Full call number | Barcode | Date last seen | Cost, replacement price | Koha item type |
|---|---|---|---|---|---|---|---|---|---|---|---|---|---|---|---|---|---|---|
| Dewey Decimal Classification | Baccah | Central Library | Central Library | First floor | 31/08/2015 | Purchase | 612.00 | 23317 | 338.542 FRU | 000030839 | 15/07/2025 | 765.00 | Book - Borrowing |